000 01154nam0a22002891 4500
001 rc\4420593
005 20250611171825.0
021 _aRU
_bРг7851-64
035 _a(NLR Aleph) 008306621
090 _a8670188
_c8670188
100 _a20130416d1964 |||y0rusy50 ca
101 0 _arus
102 _aRU
105 _ay z |||||
200 1 _aСильная фокусировка частиц в винтовых и гофрированных магнитных полях
_fАкад. наук СССР. Физ. ин-т им. П.Н. Лебедева. Лаборатория ускорителей
210 _aМосква
_cБ. и.
_d1964
215 _a24 с.
_d20
300 _aОтпеч. множит. аппаратом
320 _aБиблиогр. в конце книги
700 1 _aЗахаров
_bВ.С.
701 1 _7ca
_8rus
_aРабинович
_bМ. С.
_cд-р физ.-мат. наук, ядерная физика
_f1919-1982
_gМатвей Самсонович
_9221684
_3RU\NLR\AUTH\770221740
801 0 _aRU
_bNLR
_gpsbo
801 1 _aRU
_bELAR
_2rusmarc
852 _aNLR
_j64-4/18825
942 _cBOOK
980 _aNB